000 00800cab a2200241 4500
001 ABS44832
008 090401t1991 xxu||||| |||| 00| 0 eng d
035 _a(Sirsi) u49311
041 _aeng
100 _aWebster, P.
245 _aRecent European Community legislation concerning the environment
260 _c1991
350 _a0
490 _aJournal of Property Finance
_v2 (1) Summer 1991, 63-68(4)
520 _aOutlines aspects of European Law relating to the environment and the possible consequences for property development , finance lenders and property investors.
650 _aCOMMUNITY LAW
650 _aEC DIRECTIVES
650 _aEUROPEAN COURT OF JUSTICE
650 _aSINGLE EUROPEAN ACT 1987
690 _aEUROPE-SINGLE MARKET
942 _n0
948 _c04/03/1997
999 _c30853
_d30853